LIBRARY & INFORMATION CENTRE, KCAET, TAVANUR

ONLINE PUBLIC ACCESS CATALOGUE (OPAC)

Role of Agricultural Engineering in Dryland Agriculture (Record no. 5955)

MARC details
000 -LEADER
fixed length control field 00283cam a2200097ua 4500
082 ## - DEWEY DECIMAL CLASSIFICATION NUMBER
Classification number 631.586
Item number IND/RO
245 ## - TITLE STATEMENT
Title Role of Agricultural Engineering in Dryland Agriculture
260 ## - PUBLICATION, DISTRIBUTION, ETC. (IMPRINT)
Place of publication New Delhi :
Name of publisher Indian Society of Agricultural Engineers ,
Year of publication 1987.
300 ## - PHYSICAL DESCRIPTION
Number of Pages 273 ; .
942 ## - ADDED ENTRY ELEMENTS (KOHA)
Koha item type Reference
Holdings
Withdrawn status Lost status Damaged status Collection code Home library Current library Shelving location Date acquired Full call number Accession Number Koha item type
      Reference KAUAET KAUAET Reference 24/10/1989 631.586.IND/RO 16543 Reference
free website counter